书目信息 |
| 题名: |
拿破仑战争
|
|
| 作者: | 谢国良 编著 | |
| 分册: | ||
| 出版信息: | 上海 上海人民出版社 1981 |
|
| 页数: | 277页 | |
| 开本: | 21cm | |
| 丛书名: | ||
| 单 册: | ||
| 中图分类: | K565.41 | |
| 科图分类: | ||
| 主题词: | 拿破仑战争(1803~1815)--法国 | |
| 电子资源: | ||
| ISBN: | ||
| 000 | 00634nam0 2200229 45 | |
| 001 | 0181002819 | |
| 005 | 20060801092122.42 | |
| 010 | @dCNY1.60 | |
| 091 | @a11074.631 | |
| 100 | @a19950630d1981 em y0chiy0121 ea | |
| 101 | 0 | @achi |
| 102 | @aCN@b310000 | |
| 105 | @ay z 000yy | |
| 200 | 10 | @a拿破仑战争@Ana po lun zhan zheng@f谢国良编著@Fxie guo liang bian zhu |
| 210 | @a上海@c上海人民出版社@d1981 | |
| 215 | @a277页@d21cm | |
| 606 | @a拿破仑战争(1803~1815)@y法国 | |
| 690 | @aK565.41@v3 | |
| 701 | 0 | @a谢国良@Axie guo liang@4编著 |
| 801 | 0 | @aCN@b上海图书馆@c20060801 |
| 801 | 2 | @aCN@bNLC@c20060523 |
| 905 | @dK565.41@e10 | |
| 拿破仑战争/谢国良编著.-上海:上海人民出版社,1981 |
| 277页;21cm |
| ISBN :CNY1.60 |
| ● |
| 相关链接 |
|
|
|
|
正题名:拿破仑战争
索取号:K565.41/10
 
预约/预借
| 序号 | 登录号 | 条形码 | 馆藏地/架位号 | 状态 | 备注 |
| 1 | 0213215 | 000134973 | 第二借阅区/ [索取号:K565.41/10] | 在馆 | |
| 2 | 0213216 | 001411715 | 第二借阅区/ [索取号:K565.41/10] | 在馆 | |
| 3 | 0213217 | 202390652 | 密集书库/ [索取号:K565.41/10] | 在馆 | |
| 4 | 0213218 | 001411706 | 第二样本阅览室/ [索取号:K565.41/10] | 在馆 | |
| 5 | 0444052 | 204440523 | 密集书库/ [索取号:K565.41/10] | 在馆 |